000 00741nam a22001937a 4500
999 _c164626
_d164626
005 20190523145252.0
010 _aUR-10144
020 _c133.00
_a9789386486967
035 _aU-8699
037 _bDBAD/PUB
082 _a270.92
100 _aو ا سق ا لخير
245 _aہند و ستا نی مد ا ر س (ا ر د و ز با ن کی ر و شنی ميں)
_cو ا سق ا لخير
246 _bHindustani Madaris(Urdu Zaban Ki Roshni Mein) (Urdu)
_aby Dr.Wasiqul Khair
260 _a Delhi
_bEducational Publishing House
_c2017 ء
270 _a3191،Vakil Street,Kucha Pandit,Lal Kuan,
_bDelhi
_e110006
_k23216162
_l00911123211540
300 _a216ص
_c22 Cm.(bk)
942 _2ddc
_cUR
_h270.92
_mو ا ث